000
00259nam a22001217a 4500
999
_c
534010
_d
534010
040
_c
dlc
082
_a
813.54
100
_a
Nora Roberts
_9
28110
245
_a
Reunion in death
260
_a
Newyork
_b
Piatkus Books
_c
c2006
300
_a
v.p
942
_2
ddc
_c
BK